000 00436nam a2200157Ia 4500
008 240729s9999 xx 000 0 und d
022 _a1983-2125
245 0 _aRevista Caatinga
260 _aBrazil
260 _bUniversidade Federal Rural do Semi-Árido
650 _a Biology (General)
650 _aAgriculture | Science
856 _uhttps://doaj.org/toc/088b05cceac343689fe0a95b15ddf4f4
942 _2ddc
942 _cDOAJEJ
999 _c74564
_d74564
945 _a1
_bMadushi Gamage
_c1
_dMadushi Gamage